| 000 | 01161nam a22003857a 4500 | ||
|---|---|---|---|
| 005 | 20230711110209.0 | ||
| 008 | 200818b2019 xxu||||| |||| 00| 0 spa d | ||
| 020 | _a9788426727206 | ||
| 041 | _aESP | ||
| 082 | _a005.133 R223p2 | ||
| 100 |
_aRaschka, Sebastián _982537 |
||
| 100 |
_aMirjalili, Vahid _982538 |
||
| 245 | _aPython machine learning: aprendizaje automático y aprendizaje profundo con Python, Scikit-Learn y TensorFlow | ||
| 250 | _a2 edición | ||
| 260 | _aEspaña | ||
| 260 | _bMarcombo | ||
| 260 | _c2019 | ||
| 300 | _a616 páginas | ||
| 650 |
_aPROGRAMACIÓN _982539 |
||
| 650 |
_aLENGUAJES DE PROGRAMACIÓN _982540 |
||
| 650 |
_aPYTHON _982541 |
||
| 650 |
_aAPRENDIZAJE AUTOMÁTICO _982542 |
||
| 650 |
_aALGORITMOS _982543 |
||
| 650 |
_aSCIKIT-LEARN _982544 |
||
| 650 |
_aPREPROCESAMIENTO DE DATOS _982545 |
||
| 650 |
_aEVALUACIÓN DE MODELOS _982546 |
||
| 650 |
_aHIPERPARÁMETROS _982547 |
||
| 650 |
_aSQLITE _982548 |
||
| 650 |
_aFLASK _982549 |
||
| 650 |
_aVARIABLES _982550 |
||
| 650 |
_aANÁLISIS DE REGRESIÓN _982551 |
||
| 650 |
_aRED NEURONAL ARTIFICIAL _982552 |
||
| 650 |
_aTENSORFLOW _982553 |
||
| 942 | _cBK | ||
| 999 |
_c12652 _d12652 |
||